书目信息 |
| 题名: |
你的工资从哪里来
|
|
| 作者: | 吕国荣 编著 | |
| 分册: | ||
| 出版信息: | 北京 机械工业出版社 2009 |
|
| 页数: | 206页 | |
| 开本: | 21cm | |
| 丛书名: | ||
| 单 册: | ||
| 中图分类: | F244 | |
| 科图分类: | ||
| 主题词: | 工资--基本知识 , 工资 | |
| 电子资源: | ||
| ISBN: | 978-7-111-22738-0 | |
| 000 | 00836nam0 2200241 45 | |
| 001 | 1033028578 | |
| 005 | 20100408160315.43 | |
| 010 | @a978-7-111-22738-0@dCNY20.00 | |
| 100 | @a20100331e2009 em y0chiy0120 ea | |
| 101 | 0 | @achi |
| 102 | @aCN@b110000 | |
| 105 | @ay z 000yy | |
| 106 | @ar | |
| 200 | 1 | @a你的工资从哪里来@ANi De Gong Zi Cong Na Li Lai@f吕国荣编著@FLu^ Guo Rong Bian Zhu |
| 210 | @a北京@c机械工业出版社@d2009 | |
| 215 | @a206页@d21cm | |
| 330 | @a本书从几个方面深入剖析了决定你的工资的几大要素:工资与公司利润,工资与工作绩效,工资与工作方法,工资与品德,工资与服务的关系,从而为我们找到了工资的真正来源,也指出了提高工资的途径。 | |
| 606 | 0 | @a工资@x基本知识 |
| 606 | 0 | @a工资 |
| 690 | @aF244@v4 | |
| 701 | 0 | @a吕国荣@ALu^ Guo Rong@4编著 |
| 801 | 0 | @aCN@bTANGWEI@c20100408 |
| 905 | @b0587677-81@dF244@e86@f5 | |
| 你的工资从哪里来/吕国荣编著.-北京:机械工业出版社,2009 |
| 206页;21cm |
| ISBN 978-7-111-22738-0:CNY20.00 |
| 本书从几个方面深入剖析了决定你的工资的几大要素:工资与公司利润,工资与工作绩效,工资与工作方法,工资与品德,工资与服务的关系,从而为我们找到了工资的真正来源,也指出了提高工资的途径。 |
| ● |
| 相关链接 |
|
|
|
|
正题名:你的工资从哪里来
索取号:F244/86
 
预约/预借
| 序号 | 登录号 | 条形码 | 馆藏地/架位号 | 状态 | 备注 |
| 1 | 0587677 | 205876774 | 第一样本阅览室/ [索取号:F244/86] | 在馆 | |
| 2 | 0587678 | 205876783 | 第一借阅区/ [索取号:F244/86] | 在馆 | |
| 3 | 0587679 | 205876792 | 第一借阅区/ [索取号:F244/86] | 在馆 | |
| 4 | 0587680 | 205876809 | 第一借阅区/ [索取号:F244/86] | 在馆 | |
| 5 | 0587681 | 205876818 | 第一借阅区/ [索取号:F244/86] | 在馆 |